10 Closest Capitals to Ireland Quiz Stats

Quiz Updated Jul 11, 2015

Challenge
Share
Tweet
Embed
Score 0/10 Timer 03:00
2 Plays Today
Capital % Correct
London, UK
99.7%
Paris, France
97.5%
Berlin, Germany
89.2%
Amsterdam, Netherlands
87.6%
Brussels, Belgium
86.6%
Oslo, Norway
83.1%
Copenhagen, Denmark
78.4%
Luxembourg, Luxembourg
72.1%
Bern, Switzerland
62.9%
Vaduz, Liechtenstein
39.5%

You're not logged in!

Compare scores with friends on all Sporcle quizzes.
Join for Free
OR
Log In

You Might Also Like...

Show Comments

Extras

Top Quizzes Today


Score Distribution

Your Account Isn't Verified!

In order to create a playlist on Sporcle, you need to verify the email address you used during registration. Go to your Sporcle Settings to finish the process.

Report this User

Report this user for behavior that violates our Community Guidelines.

Details: